Vở tập vẽ 3
Sách hướng dẫn các em tập vẽ theo mẫu, vẽ tự do, trang trí những hình đơn giản phù hợp với tuổi thiếu nhi. Bên cạnh đó sách còn hướng dẫn các em nặn hình các loại trái cây và các đồ vật quen thuộc....
محفوظ في:
| المؤلف الرئيسي: | |
|---|---|
| التنسيق: | كتاب |
| اللغة: | Undetermined |
| منشور في: |
Hà Nội
Giáo dục Việt Nam
2016
|
| الموضوعات: | |
| الوسوم: |
إضافة وسم
لا توجد وسوم, كن أول من يضع وسما على هذه التسجيلة!
|
| Thư viện lưu trữ: | Trung tâm Học liệu Trường Đại học Cần Thơ |
|---|
| LEADER | 00953nam a2200217Ia 4500 | ||
|---|---|---|---|
| 001 | CTU_215890 | ||
| 008 | 210402s9999 xx 000 0 und d | ||
| 020 | |c 5400 | ||
| 082 | |a 372.52076 | ||
| 082 | |b T406 | ||
| 100 | |a Nguyễn, Quốc Toản | ||
| 245 | 0 | |a Vở tập vẽ 3 | |
| 245 | 0 | |c Nguyễn Quốc Toản (Chủ biên) | |
| 260 | |a Hà Nội | ||
| 260 | |b Giáo dục Việt Nam | ||
| 260 | |c 2016 | ||
| 520 | |a Sách hướng dẫn các em tập vẽ theo mẫu, vẽ tự do, trang trí những hình đơn giản phù hợp với tuổi thiếu nhi. Bên cạnh đó sách còn hướng dẫn các em nặn hình các loại trái cây và các đồ vật quen thuộc. | ||
| 650 | |a Art,Mĩ thuật | ||
| 650 | |x Study and teaching (Elementary),Dạy và học (Tiểu học) | ||
| 904 | |i Hải | ||
| 980 | |a Trung tâm Học liệu Trường Đại học Cần Thơ | ||